Rassegna di letteratura Tomistica
محفوظ في:
| التنسيق: | كتاب |
|---|---|
| اللغة: | الإيطالية |
| منشور في: |
Nápoles
Domenica Italiana
1996
|
| سلاسل: | Bulletin Thomiste, 41
|
| الموضوعات: | |
| الوسوم: |
إضافة وسم
لا توجد وسوم, كن أول من يضع وسما على هذه التسجيلة!
|
MARC
| LEADER | 00000nam a2200000 a 4500 | ||
|---|---|---|---|
| 001 | UCT4734 | ||
| 003 | CL-VaPUC | ||
| 008 | 961122e19960000IT |||||||||||||||||ita|d | ||
| 082 | 0 | 4 | |a 189.4 |b RAS |2 21 |
| 245 | 1 | 0 | |a Rassegna di letteratura Tomistica |
| 300 | |a 221 p | ||
| 942 | |c BK | ||
| 945 | |d 19961122 00:00:00 |a rleighto | ||
| 260 | |a Nápoles |b Domenica Italiana |c 1996 | ||
| 600 | 0 | |a Tomás de Aquino |d 1220-1274 |c Santo |9 255832 | |
| 650 | 0 | |a Tomismo |9 259214 | |
| 650 | 0 | |a Filosofía tomista |9 373993 | |
| 650 | 0 | |a Teología |9 258766 | |
| 583 | |a last modification |c 19961122 00:00:00 |k Rodrigo Vera | ||
| 490 | 0 | |a Bulletin Thomiste, 41 | |
| 999 | |c 253910 |d 253908 | ||
| 952 | |0 0 |1 0 |4 0 |6 189_400000000000000_RAS_1996 |7 0 |8 P |9 275086 |a BIBEDU |b BIBEDU |c BIBEDU_PB |d 2019-11-19 |i 3240304 |o 189.4 RAS 1996 |p 3240304 |r 2024-01-25 |w 2019-11-19 |y BK |k FIL | ||